| 000 | 01302nam a22001937a 4500 | ||
|---|---|---|---|
| 999 |
_c62342 _d62342 |
||
| 003 | Ge_BSU | ||
| 005 | 20241008112343.0 | ||
| 008 | 241008s1960 ge ||||| |||| 00| 0 geo d | ||
| 041 | _ageo | ||
| 080 | _a913.1(479.22) ს-32 | ||
| 245 |
_aსაქართველოს ისტორიული გეოგრაფიის კრებული : _bტ. 1 / _cსაქართველოს სსრ მეცნიერებათა აკადემია, ივ. ჯავახიშვილის სახ. ისტორიის, არქეოლოგიისა და ეთნოგრაფიის ინსტიტუტი. |
||
| 264 |
_aთბილისი, _c1960. |
||
| 300 |
_a198 გვ.; _b26 სმ. |
||
| 653 | _aისტორია | ||
| 653 | _aისტორიული გეოგრაფია | ||
| 700 |
_aბერძენიშვილი, ნ. _eრედაქტორი _923339 |
||
| 710 |
_aსაქართველოს სსრ მეცნიერებათა აკადემია, ივ. ჯავახიშვილის სახ. ისტორიის, არქეოლოგიისა და ეთნოგრაფიის ინსტიტუტი. _918718 |
||
| 942 |
_2udc _cᲬᲘᲒᲜᲘ |
||